European Competitions Top 5 Scorers: 2011/12 - Statistics

General Stats
  • This quiz has been taken 2 times
  • The average score is 7 of 10
Answer Stats
Competition Goals Club Nationality Player % Correct
Champions League 10 Real Madrid Portugal Cristiano Ronaldo
100%
Champions League 6 Chelsea Ivory Coast Didier Drogba
100%
Champions League 7 Real Madrid France Karim Benzema
100%
Europa League 10 Schalke Netherlands Klaas-Jan Huntelaar
100%
Champions League 14 Barcelona Argentina Lionel Messi
100%
Champions League 12 Bayern Munich Germany Mario Gomez
100%
Europa League 12 Atletico Madrid Colombia Radamel Falcao
50%
Europa League 8 Atletico Madrid Spain Adrian
0%
Europa League 7 Athletic Bilbao Spain Fernando Llorente
0%
Europa League 7 Anderlecht Argentina Matias Suarez
0%
No matching quizzes found
Score Distribution
Percent of People with Each Score
Percentile by Number Answered
Your Score History
You have not taken this quiz